000 00553nam a2200145Ia 4500
008 140724s9999 xx 000 0 und d
050 _aLC 3965
_b.G643 2012
100 _aGonzales, Patricia L.
245 _aNon-special Education elementary teachers handling special education students in the mainstream setting /
_cPatricia L. Gonzales.
260 _aLas PiƱas, Philippines :
_bSouthville International School and Colleges,
_cc2012.
300 _a71 p. :
_b(some col.) ill. ;
_c28 cm.
521 _aSpecial Education
942 _cTH
999 _c228651
_d228651